| 000 | 00425nam a2200157 i 4500 | ||
|---|---|---|---|
| 001 | 50467 | ||
| 003 | ES-MaACL | ||
| 005 | 20230906162202.0 | ||
| 007 | t| | ||
| 008 | 030804s1911 xxu ||||1| eng d | ||
| 245 | 0 | 2 |
_aA cyclopedia of education / _cedited by Paul Monroe. |
| 260 |
_aNew York : _bThe Marmillan Company, _c1911. |
||
| 300 |
_a5 v. ; _c28 cm. |
||
| 700 | 1 |
_aMonroe, Paul. _982279 |
|
| 852 |
_aES-MaACL _jC-19945-9 |
||
| 999 |
_c50467 _d50467 |
||